000
00345nam a2200157Ia 4500
100
_a
Reddy/J.N
650
_a
FEM
942
_c
BK
366
_f
20
245
_a
Introduction to non linear finite element analysis
260
_b
Oxford university press
_c
2004
082
_a
620.0015
_b
RED
300
_a
463
546
_a
ENGLISH
999
_c
18645
_d
18645